The treasury of David : (Record no. 4839)
[ view plain ]
| 000 -LEADER | |
|---|---|
| fixed length control field | 01214pam a2200301 a 4500 |
| 001 - CONTROL NUMBER | |
| control field | 2943795 |
| 003 - CONTROL NUMBER IDENTIFIER | |
| control field | GBCCL |
| 005 - DATE AND TIME OF LATEST TRANSACTION | |
| control field | 20241126110528.0 |
| 008 - FIXED-LENGTH DATA ELEMENTS--GENERAL INFORMATION | |
| fixed length control field | 900410s1990 miu 001 0 eng |
| 010 ## - | |
| -- | 90035987 |
| 020 ## - INTERNATIONAL STANDARD BOOK NUMBER | |
| International Standard Book Number | 0825436842 (trade paper) |
| 020 ## - INTERNATIONAL STANDARD BOOK NUMBER | |
| International Standard Book Number | 0825436850 (deluxe hardcover) |
| 040 ## - CATALOGING SOURCE | |
| Original cataloging agency | DLC |
| Transcribing agency | DLC |
| Modifying agency | DLC |
| 050 00 - | |
| -- | BS1430 |
| -- | .S6 1990 |
| 082 00 - DEWEY DECIMAL CLASSIFICATION NUMBER | |
| Classification number | 223.207 |
| Edition information | 20 |
| Item number | SPU |
| 100 1# - MAIN ENTRY--PERSONAL NAME | |
| Personal name | Spurgeon, C. H. |
| Fuller form of name | (Charles Haddon), |
| Dates associated with a name | 1834-1892. |
| 9 (RLIN) | 222 |
| 245 14 - TITLE STATEMENT | |
| Title | The treasury of David : |
| Remainder of title | Spurgeon's classic work on the Psalms, abridged in one volume / |
| Statement of responsibility, etc. | Charles H. Spurgeon ; abridged by David O. Fuller ; introduction by Robert G. Lee ; foreword by Herbert Lockyer. |
| 250 ## - EDITION STATEMENT | |
| Edition statement | Indian ed. |
| 260 ## - PUBLICATION, DISTRIBUTION, ETC. | |
| Place of publication, distribution, etc. | Grand Rapids, MI : |
| -- | Secunderabad : |
| Name of publisher, distributor, etc. | Kregel Publications, |
| -- | Authentic |
| Date of publication, distribution, etc. | 2014, [1990] |
| 300 ## - PHYSICAL DESCRIPTION | |
| Extent | 703 p. ; |
| Dimensions | 23 cm. |
| 500 ## - GENERAL NOTE | |
| General note | Includes index. |
| 630 00 - SUBJECT ADDED ENTRY--UNIFORM TITLE | |
| Uniform title | Bible. |
| Name of part/section of a work | Psalms |
| Form subdivision | Commentaries. |
| 9 (RLIN) | 8816 |
| 630 00 - SUBJECT ADDED ENTRY--UNIFORM TITLE | |
| Uniform title | Bible. |
| Name of part/section of a work | Psalms |
| General subdivision | Homiletical use. |
| 9 (RLIN) | 4451 |
| 700 1# - ADDED ENTRY--PERSONAL NAME | |
| Personal name | Fuller, David Otis, |
| Dates associated with a name | 1903-1988. |
| 9 (RLIN) | 7999 |
| 906 ## - LOCAL DATA ELEMENT F, LDF (RLIN) | |
| a | 7 |
| b | cbc |
| c | orignew |
| d | 1 |
| e | ocip |
| f | 19 |
| g | y-gencatlg |
| 942 ## - ADDED ENTRY ELEMENTS (KOHA) | |
| Source of classification or shelving scheme | Dewey Decimal Classification |
| Koha item type | Books |
| Koha issues (borrowed), all copies | 6 |
| Withdrawn status | Lost status | Source of classification or shelving scheme | Damaged status | Not for loan | Home library | Current Library | Shelving location | Date acquired | Total checkouts | Total renewals | Full call number | Barcode | Date last seen | Date last checked out | Copy number | Price effective from | Koha item type |
|---|---|---|---|---|---|---|---|---|---|---|---|---|---|---|---|---|---|
| Dewey Decimal Classification | GRACE BIBLE COLLEGE | GRACE BIBLE COLLEGE | Biblical Studies | 2018-02-08 | 9 | 1 | 223.207 SPU | 014614 | 2026-02-09 | 2026-02-02 | c.1 | 2018-02-08 | Books |